| 000 | 00448nam a22001697a 4500 | ||
|---|---|---|---|
| 005 | 20240812103125.0 | ||
| 008 | 240812b |||||||| |||| 00| 0 eng d | ||
| 020 | _a978113945529 | ||
| 082 |
_a741.6 _bLAN-G |
||
| 100 | _aLanda, Robin | ||
| 245 |
_aGraphic design solutions / _cRobin Landa |
||
| 260 |
_aUSA: _bElsevier; _c2014. |
||
| 300 |
_axiv, 409 p. : _bill; _c27 cm. |
||
| 500 | _ainclude index. | ||
| 650 | _aGraphics Design | ||
| 999 |
_c36374 _d36374 |
||